| 000 | 00894nam a22002777a 4500 | ||
|---|---|---|---|
| 001 | 6318 | ||
| 003 | FISKH | ||
| 005 | 20250421102445.0 | ||
| 008 | 250421b cb ||||| |||| 00| 0 eng d | ||
| 020 | _a9781842700167 | ||
| 040 |
_aFISKH _beng _cFISKH _dFISKH |
||
| 050 | _aPZ7.C5534 W | ||
| 082 | _a823.914 | ||
| 100 | _aClarke, Gus | ||
| 245 |
_aWhat would we do without Missus Mac? _cGus Clarke |
||
| 250 | _aThis paperback edition first published in 2001. | ||
| 260 |
_aLondon : _bAndersen Press, _c1999. |
||
| 300 |
_a22 unnumbered pages : _bcolor illustrations ; _c23 cm |
||
| 505 | _aG | ||
| 520 | _aIn this picture book, from a child's eye-view, the illustrator celebrates the most valuable of grown-ups—the school helper. | ||
| 521 | 8 |
_a380
_bLexile estimate |
|
| 521 | 8 |
_aG
_bRaz-Plus |
|
| 650 |
_aSchool _vEducation |
||
| 942 |
_2ddc _cBK _n0 |
||
| 999 |
_c6318 _d6318 |
||